1560 1481 1096 1703 1300 1036 1574 1638 1068 1368 1556 1194 1161 1810 1531 1484 1457 1827 1901 1920 1068 1251 1964 1026 1434 1056 1561 1527 1202 1032 1645 1825 1481 1655 1180 1583 1530 1892 1723 1527 1312 1146 1835 1595 1011 1772 1144 1758 1247 1007 1987 1676 1424 1009 1486 1303 1120 1672 1124 1993 1895 1792 1360 1664 1962 1034 1262 1464 1278 1833 1010 1563 1586 1085 1501 1846 1842 1435 1187 1811 1771 1096 1556 1719 1034 1598 1689 1175 1396 1985 1338 1293 1469 1383 1827 1806 1037 1630 1463 BCNSPRNW ULIB Ver.6.0+V

เปลี่ยนเป็นภาษาไทย

Change to English
 แสดงรายละเอียดบรรณานุกรม
  กลับหน้าหลัก

Brief Record : Get Marc (ISO 2709) : E-mail record : QR code < ปิดหน้าต่าง
LEADER : 00000nam 2200000uu 4500
001    13399110388
003     ULIB
008    110429s2548||||th 000 0 tha d
020    9749304233
060 04 WO100^bศ338 2548
245 00 ศัลยศาสตร์วิวัฒน์ 29 :^bGastrointestinal endoscopy /^cบรรณาธิการ, ทวี รัตนชูเอก ... [และคนอื่นๆ]
246 31 Gastrointestinal endoscopy
250    พิมพ์ครั้งที่ 1
260    กรุงเทพฯ :^bกรุงเทพเวชสาร,^c2548
300    ก-ซ, 331 หน้า :^bภาพประกอบ,^c21 ซม.
650  7 กระเพาะอาหาร, การส่องตรวจด้วยกล้อง
650  7 กระเพาะอาหารและสำไล้, ศัลยกรรม
650  7 ศัลยศาสตร์
700 0  ทวี รัตนชูเอก,^eบรรณาธิการ
945    ^p380^l0^i018795
995    ทศพร
999 ^a ใช้งานได้ทุกระบบ
รายการนี้ยังไม่มีแท็ก
คุณยังไม่ได้ล็อกอิน คุณสามารถมีกิจกรรมร่วมกับเว็บไซต์ได้ แต่ต้องล็อกอินก่อน ::
  ล็อกอิน

รายการสื่อสารสนเทศ

ลำดับที่ ประเภท เลขเรียก/บาร์โค้ด สถานที่ สถานะ
1. วิทยาศาสตร์การแพทย์ และสุขภาพ
วิทยาศาสตร์การแพทย์ และสุขภาพ
สถานะ=หนังสือเก่า
WO100 ศ338 2548 ฉ.1 
  Barcode: 018795
ห้องสมุดวิทยาเขตสวรรค์ประชารักษ์
►ส่วนจัดเก็บหนังสือเก่า สปร
บนชั้น
  ขอยืม

รายการใกล้เคียง
    หัวเรื่อง [ศัลยศาสตร์]

BibComment


ยังไม่เคยถูกคอมเมนท์

คอมเมนท์ทรัพยากรรายการนี้
  คอมเมนท์: ศัลยศาสตร์วิวัฒน์..


 Copyright 2026. Bcnsprnw @Library